00000000nas 2200000za 4500
0019.827088
003CaOODSP
00520221107144729
007cr |||||||||||
008161107d19701980oncar p oss  f0###b0fre|d
022 |y0700-1053
040 |aCaOODSP|bfre
041 |aeng|afre
043 |an-cn---
0861 |aCS41-224-PDF
24500|aCopper and copper alloy rolling, casting and extruding |h[ressource électronique] / |cStatistics Canada, Manufacturing and Primary Industries Division = Laminage, moulage et extrusion du cuivre et de ses alliages / Statistique Canada, Division des industries manufacturières et primaires.
24611|aLaminage, moulage et extrusion du cuivre et de ses alliages
260 |aOttawa : |bStatistics Canada = Statistique Canada,|c1972-1982.
310 |aAnnuel
3620 |a1970-1980.
4900 |aAnnual census of manufactures = Recensement annuel des manufactures
500 |aÉdition numérisée de l’imprimé [par Statistique Canada].
520 |a« Comprend les établissements dont I'activité principale consiete à fabriquer des produits en cuivre ou alliages du cuivre tels que des barres, des baguettes, des plaques, tôles et pièces moulèes ou de fabrication de poudre de bronze »--p. 5, 1970.
546 |aTexte en anglais et en français.
550 |aPublié 1979-1980 par la Section des machines, du bois et des produits en métal.
580 |aFusionné avec: Aluminum rolling, casting and extruding (Final); and, Metal rolling, casting and extruding (Final), et devient: Non-ferrous metal rolling, casting and extruding.
69207|2gccst|aIndustrie métallurgique
69207|2gccst|aStatistique
7101 |aCanada. |bStatistique Canada. |bSection des machines, du bois et des produits en métal.
7101 |aCanada. |bStatistique Canada. |bDivision des industries manufacturières et primaires.
78000|tCopper and alloy rolling, casting and extruding |w(CaOODSP)9.827082
78500|tNon-ferrous metal rolling, casting and extruding |w(CaOODSP)9.827718
791 |tCopper and copper alloy rolling, casting and extruding |eeng|w(CaOODSP)9.827085